00517nam a2200169 a 450008200150000010000220001524500350003726000360007230000090010850000350011750500100015265000110016270000220017394200070019595201280020299900170033000a291.4bLOR aLorenzen, David N aBhakti Religion in North India aNew Delhi bManohar Pub. c1996 a331p aincludes index and biblioraphy2 aindex aBhakti1 aLorenzen, David N cBK 001040708StackRoom-aHMIbHMId2007-07-19g500.00l4o291.4 LORp018033r2022-08-23s2022-08-02v500.00w2005-05-24yBK c12135d12135